Principles of physical oceanography
Đã lưu trong:
| Tác giả chính: | |
|---|---|
| Định dạng: | Sách |
| Ngôn ngữ: | Undetermined |
| Được phát hành: |
New Jersey
Prentice-Hall
1966
|
| Những chủ đề: | |
| Các nhãn: |
Thêm thẻ
Không có thẻ, Là người đầu tiên thẻ bản ghi này!
|
| Thư viện lưu trữ: | Trung tâm Học liệu Trường Đại học Cần Thơ |
|---|
| LEADER | 00522nam a2200181Ia 4500 | ||
|---|---|---|---|
| 001 | CTU_19314 | ||
| 008 | 210402s9999 xx 000 0 und d | ||
| 082 | |a 551.46 | ||
| 082 | |b N489 | ||
| 100 | |a Gerbard Newmann | ||
| 245 | 0 | |a Principles of physical oceanography | |
| 245 | 0 | |c Gerbard Newmann, Willảd J Pierson | |
| 260 | |a New Jersey | ||
| 260 | |b Prentice-Hall | ||
| 260 | |c 1966 | ||
| 650 | |a oceanography | ||
| 904 | |i Nguyễn Quang Điền, 960601 | ||
| 980 | |a Trung tâm Học liệu Trường Đại học Cần Thơ | ||